000 00687nam a22002055i 4500
001 160664
003 ES-MaACL
005 20230906212112.0
008 991215m18301840fr |||| | fre d
040 _aCCPB | B
_bspa
_cCCPB | B
100 1 _aNiebuhr, Barthold Georg.
_9130476
245 1 0 _aHistoire romaine /
_cde B. G. Niebuhr ; traduite de l'allemand par P. A. de Golbéry.
260 _aParis :
_bPitois-Levrault et C\pie\s,
_c1830-1840.
300 _a8 v. ;
_c21 cm.
597 _aVol. 8 es el índice.
651 4 _aRoma-
_xHistoria.
_99312
700 1 _aGolbéry, P. A.
_9127359
852 _aES-MaACL
_jF-5711-17
_z-- Enc. hol.
_q-- Falta el T. VIII
999 _c160664
_d160664